| 000 | 00510nam a2200193Ia 4500 | ||
|---|---|---|---|
| 005 | 20260429112051.0 | ||
| 008 | 260429s9999||||xx |||||||||||||| ||und|| | ||
| 020 | _a9781835357521 | ||
| 041 | _aEnglish | ||
| 082 |
_a338.5 _bBAS |
||
| 100 | _aBass, Kristian | ||
| 245 | 0 |
_aManagerial economics / _cKristian Bass |
|
| 250 | _a1st ed. | ||
| 260 |
_aWaltham Abbey Essex : _bETP ED- Tech Press, _c2025. |
||
| 300 | _axv, 295 p.; hb | ||
| 650 | _a Economics | ||
| 650 | _aManagerial economics | ||
| 942 | _cTB | ||
| 999 |
_c52172 _d52172 |
||